000 01820nam a2200409 i 4500
001 EBC6737912
003 MiAaPQ
005 20250731140236.0
006 m o d |
007 cr cnu||||||||
008 220628s2021 sz a o 000 0 eng d
020 _z9783030807320
_q(print)
020 _a9783030807337
_q(electronic bk.)
035 _a(MiAaPQ)EBC6737912
035 _a(Au-PeEL)EBL6737912
035 _a(OCoLC)1273001277
040 _aMiAaPQ
_beng
_erda
_epn
_cMiAaPQ
_dMiAaPQ
043 _ae-po---
_ae-sp---
082 0 4 _a338.4791
_223
245 0 0 _aTourism innovation in Spain and Portugal :
_bnew trends and developments /
_cedited by Joao Leitao, Vanessa Ratten, and Vitor Braga.
264 1 _aCham, Switzerland :
_bSpringer,
_c[2021]
264 4 _c©2021
300 _a1 online resource (194 pages) :
_billustrations
336 _atext
_2rdacontent
337 _acomputer
_2rdamedia
338 _aonline resource
_2rdacarrier
588 _aDescription based on print version record.
590 _aElectronic reproduction. Ann Arbor, MI : ProQuest, 2018. Available via World Wide Web. Access may be limited to ProQuest affiliated libraries.
650 0 _aTourism
_xTechnological innovations
_zSpain.
650 0 _aTourism
_xTechnological innovations
_zPortugal.
655 4 _aElectronic books.
700 1 _aLeitao, Joao,
_eeditor.
700 1 _aRatten, Vanessa,
_eeditor.
_9306729
700 1 _aBraga, Vitor,
_eeditor.
776 0 8 _iPrint version:
_tTourism innovation in Spain and Portugal : new trends and developments.
_dCham, Switzerland : Springer, c2021
_h194 pages
_z9783030807320
856 4 0 _uhttps://ezproxy.taylors.edu.my/login?url=https://ebookcentral.proquest.com/lib/taylors/detail.action?docID=6737912
_zAn electronic book accessible through the World Wide Web; click to view
999 _c192315